|
|
|
|
| LEADER |
00000nab a2200000 a 4500 |
| 001 |
vtls001020792 |
| 003 |
SK-MaSNL |
| 005 |
20260303035258.0 |
| 008 |
040720e20030930xo 0 slo |
| 035 |
|
|
|a SN6693
|
| 040 |
|
|
|a SNSK
|b slo
|c SNSK
|e AACR2
|
| 041 |
0 |
|
|a slo
|
| 044 |
|
|
|a xo
|c SK
|
| 080 |
|
|
|a 930.1-051
|2 1981
|
| 080 |
|
|
|a 930.25-051
|2 1981
|
| 080 |
|
|
|a 37-051
|2 1981
|
| 245 |
0 |
0 |
|a Historik Ivan Chalupecký sa ako študent o dejiny nezaujímal, robil v kameňolome, bani aj v tehelni
|
| 300 |
|
|
|b Fotogr.
|
| 600 |
1 |
7 |
|a Chalupecký, Ivan,
|d 1932-2020
|2 SNSK
|9 199754
|
| 651 |
|
7 |
|a Levoča (Slovensko)
|2 SNSK
|9 26696
|
| 651 |
|
7 |
|a Spišská Nová Ves (Slovensko)
|2 SNSK
|9 28800
|
| 773 |
0 |
|
|t Spišský denník
|g Roč. 5, č. 224 (30.9.2003)
|x 1335-759X
|
| 773 |
0 |
8 |
|i Príl.:
|t Spiš
|g S. 7
|
| 852 |
|
|
|a ZVYKNI
|b KIS3GCP
|
| 999 |
|
|
|c 1676830
|d 1678760
|